000 01330nam a2200241Ia 4500
003 Ost
005 20260507075337.0
008 260507s9999||||xx |||||||||||||| ||und||
040 _cfsecg
041 _aara
082 _a330
100 _aالقطابري، محمد ضيف الله
_eمؤلف
245 0 _aدور السياسة النقدية في الاستقرار و التنمية الاقتصادية :
_bنظرية تحليلية قياسية /
_c محمد ضيف الله القطابري
260 _aعمان:
_bدار غيداء,
_c2011
300 _a410 صفحة؛
_bإيضاحات ؛
_c25 سم
504 _aمراجع ص.399
520 _aالنظريات و السياسات النقدية و هيكل و مؤشرات أداء الاقتصاد اليمني ، نشأة و تطور الجهاز المصرفي و المالي و السياسات النقدية و الاستقرار الاقتصادي، السياسات النقدية و التنمية الاقتصادية و التحليل القياسي لدور السياسة النقدية في الاستقرار و التنمية
653 _aالإقتصاد
653 _aالتنمية
653 _aالتنمية الاجتماعية و الاقتصادية ـ اليمن
653 _aالسياسة النقدية
942 _cكتاب
999 _c44057
_d44057